Structural heart disease (Registro nro. 325799)
[ vista simple ]
| 000 -ENCABEZADO | |
|---|---|
| Número de control [NR] | 01062nam a22002897a 4500 |
| 005 - FECHA Y HORA DE LA ÚLTIMA TRANSACCIÓN | |
| control field | 20251021092338.0 |
| 008 - DE LONGITUD FIJA DE DATOS DE ELEMENTOS - INFORMACIÓN GENERAL | |
| Elementos de longitud fija [NR] | 251021b ||||| |||| 00| 0 eng d |
| 020 ## - NUMERO INTERNACIONAL NORMALIZADO PARA LIBROS [R] | |
| Número Internacional Normalizado del libro [NR] | 9786287673502 |
| 020 ## - NUMERO INTERNACIONAL NORMALIZADO PARA LIBROS [R] | |
| Número Internacional Normalizado del libro [NR] | 9786287673519 |
| 040 ## - FUENTE DE CATALOGACION [NR] | |
| Agencia de catalogación original [NR] | CO-BoUCM |
| Quien Cataloga | David Moreno |
| Quien Clasifica | David Moreno |
| 041 ## - CODIGO DE IDIOMA [R] | |
| Código de idioma para texto/pista de sonido o título separado [R] | Inglés |
| 060 ## - SIGNATURA TOPOGRAFICA DE LA BIBLIOTECA NACIONAL DE MEDICINA (NLM) [R] | |
| Número clasificador [R] | WG 200 |
| 100 1# - ASIENTO PRINCIPAL--NOMBRE PERSONAL [NR] | |
| Nombre personal [NR] | Franco Sierra, Sergio |
| ID Autoridad | 187052 |
| 245 10 - MENCION DE TITULO [NR] | |
| Título [NR] | Structural heart disease |
| Mención de responsabilidad, etc. [NR] | Sergio Franco Sierra |
| 250 ## - MENCION DE EDICION [NR] | |
| Mención de edición [NR] | 1a.Ed |
| 260 ## - PUBLICACION, DISTRIBUCION, ETC. (PIE DE IMPRENTA) [R] | |
| Lugar de publicación, distribución, etc. [R] | Bogotá, Colombia |
| Nombre del editor, distribuidor, etc. [R] | Distribuna Ltda |
| Fecha de publicación, distribución, etc. [R] | 2025 |
| 300 ## - DESCRIPCION FISICA [R] | |
| Extensión [R] | xxvi, 619 Paginas |
| Otros detalles físicos [NR] | ilustraciones a color |
| 504 ## - NOTA DE BIBLIOGRAFIA, ETC. [R] | |
| Nota de bibliografía, etc. [NR] | Incluye referencias bibliográficas e índices |
| 650 14 - ASIENTO SECUNDARIO DE MATERIA - TERMINO TEMATICO [R] | |
| Término temático o nombre geográfico como elemento de entrada [NR] | Enfermedades cardiovasculares |
| Subdivisión general [R] | Diagnóstico |
| 9 (RLIN) | 14279 |
| 650 14 - ASIENTO SECUNDARIO DE MATERIA - TERMINO TEMATICO [R] | |
| Término temático o nombre geográfico como elemento de entrada [NR] | Enfermedades cardiovasculares |
| Subdivisión general [R] | Tratamiento |
| 9 (RLIN) | 187053 |
| 650 14 - ASIENTO SECUNDARIO DE MATERIA - TERMINO TEMATICO [R] | |
| Término temático o nombre geográfico como elemento de entrada [NR] | Medicina interna |
| Subdivisión general [R] | Aspectos clínicos |
| 9 (RLIN) | 187054 |
| 700 1# - ASIENTO SECUNDARIO - NOMBRE PERSONAL [R] | |
| Nombre personal [NR] | Arias, Adriana |
| Término de relación [R] | traductor |
| 9 (RLIN) | 187055 |
| 700 1# - ASIENTO SECUNDARIO - NOMBRE PERSONAL [R] | |
| Nombre personal [NR] | Flórez, Martha |
| Término de relación [R] | traductor |
| 9 (RLIN) | 187056 |
| 700 1# - ASIENTO SECUNDARIO - NOMBRE PERSONAL [R] | |
| Nombre personal [NR] | Londoño, Inés |
| Término de relación [R] | traductor |
| 9 (RLIN) | 187057 |
| 700 1# - ASIENTO SECUNDARIO - NOMBRE PERSONAL [R] | |
| Nombre personal [NR] | Cardona, Susana |
| Término de relación [R] | ilustrador |
| 9 (RLIN) | 187058 |
| 942 ## - ELEMENTOS DE ENTRADA AGREGADOS (KOHA) | |
| Sistema de clasificación | NLM |
| Tema principal | Ciencias de la salud |
| Tipo de ítem principal el descrito en 300a | Libro |
| Edición | 1 |
| Clasificación | WG 200 |
| Parte restante de la signatura top. | F826s |
| Título oculto en OPAC | No |
| Total préstamos | Signatura topográfica | Código de barras | Última vez visto | Ejemplar | Costo de reposición | Price effective from | Tipo de ítem | Perdido | Sistema de clasificación | Dañado | No prestable | Tipo de ítem específico | Suprimido | Ubicación habitual | Ubicación actual | Localización | Fecha de creación | Forma de adquisición |
|---|---|---|---|---|---|---|---|---|---|---|---|---|---|---|---|---|---|---|
| WG 200 F826s | 100174430 | 01/12/2025 | Ej.1 | 26000.00 | 21/10/2025 | Libro | NLM | Libro | Fundación Cardioinfantil | Fundación Cardioinfantil | 1er piso | 21/10/2025 | Donación |